Indexy měnových podmínek
Indexy menových podmienok (monetary conditions index - MCI) sú ukazovatele, ktoré sa snažia merať reštriktívnosť menovej politiky na základe kombinácie úrokových sadzieb a menového kurzu. Konštrukcia MCI. Praktické problémy výpočtu MCI. Použitie MCI vo svete. Pokusy o výpočet MCI pre ČR.
Salvato in:
| Autore principale: | |
|---|---|
| Altri autori: | |
| Natura: | Capitolo di libro |
| Lingua: | ceco |
| Soggetti: | |
| Tags: |
Nessun Tag, puoi essere il primo ad aggiungerne!!
|
MARC
| LEADER | 00000naa a2200000 4500 | ||
|---|---|---|---|
| 001 | r040368 | ||
| 005 | 20231003121608.6 | ||
| 041 | 0 | |a cze | |
| 044 | |a CZ | ||
| 245 | 1 | 0 | |a Indexy měnových podmínek |c Martin Čihák, Tomáš Holub |
| 520 | |a Indexy menových podmienok (monetary conditions index - MCI) sú ukazovatele, ktoré sa snažia merať reštriktívnosť menovej politiky na základe kombinácie úrokových sadzieb a menového kurzu. Konštrukcia MCI. Praktické problémy výpočtu MCI. Použitie MCI vo svete. Pokusy o výpočet MCI pre ČR. | ||
| 610 | 2 | 0 | |a politika menová |
| 610 | 2 | 0 | |a mena |
| 610 | 2 | 0 | |a indexy |
| 610 | 2 | 0 | |a pojmy |
| 610 | 2 | 0 | |a sadzby úrokové |
| 610 | 2 | 0 | |a kurz menový |
| 610 | 2 | 0 | |a Česko |
| 100 | 1 | |a Čihák, Martin | |
| 700 | 1 | |a Holub, Tomáš | |